Visualizzazione normale
Vista MARC
- Cayetano Martín, María del Carmen
di Personal Name
Records bibliografici associati: 1
001 - CONTROL NUMBER
- control field: 51382
003 - CONTROL NUMBER IDENTIFIER
- control field: IT-RoINE
005 - DATE AND TIME OF LATEST TRANSACTION
- control field: 20180706071744.0
008 - FIXED-LENGTH DATA ELEMENTS
- fixed length control field: 180706|| aca||aabn | a|a d
040 ## - CATALOGING SOURCE
- Original cataloging agency: IT-RoINE
- Transcribing agency: IT-RoINE
100 ## - HEADING--PERSONAL NAME
- Personal name: Cayetano Martín, María del Carmen
670 ## - SOURCE DATA FOUND
- Source citation: Work cat.: (IT-RoINE)0: Cayetano Martín, María del Carmen, La voz del rey: provisiones, privilegios y reales cédulas de Felipe II en el Archivo de Villa de Madrid /, 1999.